Spas Holiday Resorts /

Descripción –textual y fotográfica- de cuarentaiún proyectos arquitectónicos y decorativos de spas, desarrollados por creadores mútiples y en geografías diversas. La obra ofrece un panorama de las tendencias recientes en el campo.

Kaydedildi:
Detaylı Bibliyografya
Yazar: Xie, Yeal (edición)
Materyal Türü: Kitap
Dil:İngilizce
Baskı/Yayın Bilgisi: Hong Kong, China : Design Media, 2011, c2010
Konular:
Etiketler: Etiketle
Etiket eklenmemiş, İlk siz ekleyin!

MARC

LEADER 00000nam^a2200000^a^4500
001 000396058
005 20250521000000.0
008 090327 20072007
009 20260310121419.99
020 |a 978-988-19738-3-2 
037 |a Acervo ITESO - Biblioteca 
041 |a ING 
082 |a 725. 73  |b XIE 
100 |a Xie, Yeal  |e (edición) 
240 1 1 |a [Spas Holiday Resorts] 
245 1 0 |a Spas Holiday Resorts /  |c Ed. de Y. Xie. 
264 4 |a Hong Kong, China :  |b Design Media,  |c 2011, c2010 
300 |a 235 p. 
336 |a texto  |b txt  |2 rdacontenido 
337 |a sin mediación  |b n  |2 rdamedio 
338 |a volumen  |b nc  |2 rdasoporte 
520 |a Descripción –textual y fotográfica- de cuarentaiún proyectos arquitectónicos y decorativos de spas, desarrollados por creadores mútiples y en geografías diversas. La obra ofrece un panorama de las tendencias recientes en el campo. 
649 |a XX 
650 |a Arreglo y Cuidado Personal 
650 |a Baños Termales -  |x Tema Principal 
650 |a Relajación -  |x Tema Principal 
650 |a Decoración y Ornamentación 
650 |a Arquitectura (Tendencias Recientes) -  |x Historia y Crítica 
650 |a Arquitectura -  |x Historia y Crítica 
650 |a Arquitectura -  |y 2000-2009 
650 |a Arquitectura -  |y Siglo XXI 
650 |a Arte (Tendencias Recientes) -  |x Historia y Crítica 
650 |a Arte -  |x Historia y Crítica 
650 |a Arte -  |y 2000-2009 
650 |a Arte -  |y Siglo XXI 
910 |a Fondo General 
920 |a Impresos - Libros 
930 |a Reserva Especial 
905 |a 103 
901 |a 0500291583  |b IT1  |c REE  |i C153486  |u 20250521 
902 |a https://opac.biblio.iteso.mx/vufind/Record/000396058